[Event "Sitges op 46th"]
[Site "Sitges"]
[Date "2022.07.22"]
[Round "1"]
[White "Schippke, Manon"]
[Black "Serratosa Gimenez Frontin, Jorge"]
[Result "1-0"]
[WhiteElo "2177"]
[BlackElo "1891"]
[PlyCount "111"]
[EventDate "2022.07.22"]
[EventType "swiss"]
[EventRounds "9"]
[EventCountry "ESP"]
[SourceTitle "CBM 209 Extra"]
[Source "ChessBase"]
[SourceDate "2022.09.30"]
[SourceVersion "1"]
[SourceVersionDate "2022.09.30"]
[SourceQuality "1"]

1. e4 c5 2. Nf3 e6 3. d4 cxd4 4. Nxd4 a6 5. Bd3 Nc6 6. Nxc6 dxc6 7. Be3 Nf6 8. Nd2 e5 9. Nc4 Nd7 10. Be2 Qc7 11. 0-0 b5 12. Nd2 Bb7 13. c4 b4 14. Bg4 c5 15. Qf3 Be7 16. Qg3 Nf6 17. f3 Rd8 18. Rfd1 Nxg4 19. Qxg4 0-0 20. Re1 Rd3 21. Bh6 Bf6 22. Nf1 Bc8 23. Qg3 Kh8 24. Bc1 Qe7 25. Qf2 Be6 26. b3 Qc7 27. Be3 Be7 28. Rad1 Rfd8 29. Qe2 Qd7 30. Rxd3 Qxd3 31. Qxd3 Rxd3 32. Kf2 f5 33. exf5 Bxf5 34. Ng3 Bg6 35. Ke2 Kg8 36. Rd1 Rxd1 37. Kxd1 Kf7 38. Bf2 Ke6 39. Nf1 e4 40. f4 Bd6 41. Bg3 Kd7 42. Ke2 Bf5 43. Ke3 Be7 44. Nd2 Bf6 45. Nxe4 Bd4+ 46. Kf3 h6 47. Bh4 a5 48. g4 Bh7 49. f5 a4 50. Bf2 Bxf2 51. Nxf2 axb3 52. axb3 h5 53. h3 g6 54. Ne4 Ke7 55. f6+ Kf8 56. g5 1-0